What Can Be Learned on the Living Standard of Households From National Accounts?
Hodnotenie životnej úrovne domácností na základe indexov a ich porovnanie v medzinárodnom meradle. Štandardy systému národných účtov (SNA 1993 a ESA 1995) zaviedli výdavky na konečnú spotrebu a koncepciu skutočnej konečnej spotreby a naturálnych sociálnych transferov. Porovnanie údajov z Českej repu...
Enregistré dans:
| Auteur principal: | |
|---|---|
| Autres auteurs: | , |
| Format: | Chapitre de livre |
| Langue: | anglais |
| Sujets: | |
| Tags: |
Pas de tags, Soyez le premier à ajouter un tag!
|
MARC
| LEADER | 00000naa a2200000 4500 | ||
|---|---|---|---|
| 001 | 0268483 | ||
| 005 | 20210201114759.6 | ||
| 041 | 0 | |a eng | |
| 044 | |a CZ | ||
| 245 | 1 | 0 | |a What Can Be Learned on the Living Standard of Households From National Accounts? |c Stanislava Hronová, Richard Hindls, Luboš Marek |
| 520 | |a Hodnotenie životnej úrovne domácností na základe indexov a ich porovnanie v medzinárodnom meradle. Štandardy systému národných účtov (SNA 1993 a ESA 1995) zaviedli výdavky na konečnú spotrebu a koncepciu skutočnej konečnej spotreby a naturálnych sociálnych transferov. Porovnanie údajov z Českej republiky a Francúzska. | ||
| 610 | 2 | 0 | |a domácnosti |
| 610 | 2 | 0 | |a Česko |
| 610 | 2 | 0 | |a Francúzsko |
| 610 | 2 | 0 | |a štandardy |
| 610 | 2 | 0 | |a spotreba konečná |
| 610 | 2 | 0 | |a príjmy |
| 610 | 2 | 0 | |a úroveň životná |
| 100 | 1 | |a Hronová, Stanislava | |
| 700 | 1 | |a Hindls, Richard | |
| 700 | 1 | |a Marek, Luboš | |